Faktory vzniku daňových únikov diplomová práca

Guardado en:
Detalles Bibliográficos
Autor principal: Polášek, Zbyněk
Autor Corporativo: Fakulta podnikového manažmentu EU. Katedra podnikových financií
Otros Autores: Lénártová, Gizela
Formato: Libro
Lenguaje:eslovaco
Publicado: Bratislava 2010
Etiquetas: Agregar Etiqueta
Sin Etiquetas, Sea el primero en etiquetar este registro!

MARC

LEADER 00000nam$a2200000$$$4500
001 0121349
005 20240318122101.9
041 0 |a slo 
044 |a SK 
245 1 0 |a Faktory vzniku daňových únikov  |b diplomová práca  |c Zbyněk Polášek ; škol. Gizela Lénártová 
264 1 |a Bratislava  |c 2010 
300 |a 87 s. 
100 1 |a Polášek, Zbyněk 
700 1 |a Lénártová, Gizela 
710 2 |a Fakulta podnikového manažmentu EU. Katedra podnikových financií